Иллюстрированный альманах, изданный И. Панаевым и Н. Некрасовым; Семейство Тальниковых. Записки, найденные в бумагах покойницы; Лола Монтес; Смотрины и рукобитье; Дурак Федя; Ползунков; Три хашшаша; Встреча на станции; Старушка; Заборов
| Weitere Verfasser: | , , , , , , |
|---|---|
| Zusammenfassung: | Факсимильное изд. и приложение в одной суперобложке. Факсимильное воспроизведение издания 1848 г., Санктпетербург, в типографии Эдуарда Праца |
| Sprache: | Russisch |
| Veröffentlicht: |
Москва, Книга, 1990
|
| Ausgabe: | Репр. изд. |
| TOC: | А. Я. Панаева, Семейство Тальниковых. Записки, найденные в бумагах покойницы; А. В. Дружинин, Лола Монтес; В. И. Даль, Смотрины и рукобитье; А. В. Станкевич, Дурак Федя; Ф. М. Достоевский, Ползунков; М. А. Сааруни, Три хашшаша; И. И. Панаев, Встреча на станции; А. Н. Майков, Старушка; Е. П. Гребенка, Заборов; |
| Schlagworte: | |
| Format: | Buch |
| KOHA link: | https://koha.lib.tpu.ru/cgi-bin/koha/opac-detail.pl?biblionumber=180920 |
MARC
| LEADER | 00000nam0a2200000 4500 | ||
|---|---|---|---|
| 001 | 180920 | ||
| 005 | 20231101223602.0 | ||
| 010 | |a 5212001390 | ||
| 035 | |a (RuTPU)RU\TPU\book\196128 | ||
| 090 | |a 180920 | ||
| 100 | |a 20100528e1990 m y0rusy50 ca | ||
| 101 | 0 | |a rus | |
| 102 | |a RU | ||
| 105 | |a a z 001zd | ||
| 200 | 1 | |a Иллюстрированный альманах, изданный И. Панаевым и Н. Некрасовым |f авт. текста Г. Ю. Стернин, М. М. Петренко ; худ. П. А. Федотов, А. А. Агин, Е. Е. Бернардский, Н. А. Степанов, М. Л. Невахович | |
| 205 | |a Репр. изд. | ||
| 210 | |a Москва |c Книга |d 1990 | ||
| 215 | |a [15] вкл. л., [2] , 116, 136 с. + 40 с. приложения |c ил. |d 24 см. | ||
| 300 | |a Факсимильное изд. и приложение в одной суперобложке. | ||
| 300 | |a Факсимильное воспроизведение издания 1848 г., Санктпетербург, в типографии Эдуарда Праца | ||
| 320 | |a Примечания: с. 24-26 приложения. | ||
| 464 | |t Семейство Тальниковых. Записки, найденные в бумагах покойницы |f А. Я. Панаева | ||
| 464 | |t Лола Монтес |o повесть |f А. В. Дружинин | ||
| 464 | |t Смотрины и рукобитье |o рассказ |f В. И. Даль | ||
| 464 | |t Дурак Федя |o рассказ |f А. В. Станкевич | ||
| 464 | |t Ползунков |o рассказ |f Ф. М. Достоевский | ||
| 464 | |t Три хашшаша |o народная египетская сказка |f М. А. Сааруни | ||
| 464 | |t Встреча на станции |o рассказ |f И. И. Панаев | ||
| 464 | |t Старушка |o рассказ |f А. Н. Майков | ||
| 464 | |t Заборов |o повесть |f Е. П. Гребенка | ||
| 610 | 1 | |a альманахи | |
| 610 | 1 | |a русская литература | |
| 610 | 1 | |a русская графика | |
| 610 | 1 | |a книжные иллюстрации | |
| 610 | 1 | |a книжные гравюры | |
| 610 | 1 | |a иллюстраторы | |
| 610 | 1 | |a 19 век | |
| 686 | |a Ч611.68 |v LBC/SL-A |2 rubbk | ||
| 702 | 1 | |a Стернин |b Г. Ю. |4 080 | |
| 702 | 1 | |a Петренко |b М. М. |4 080 | |
| 702 | 1 | |a Федотов |b П. А. |c российский живописец |f 1815-1852 |g Павел Андреевич |2 stltpush |3 (RuTPU)RU\TPU\pers\11971 |4 040 |9 3079 | |
| 702 | 1 | |a Агин |b А. А. |c российский художник-рисовальщик |c иллюстратор |f 1817-1875 |g Александр Алексеевич |2 stltpush |3 (RuTPU)RU\TPU\pers\15731 |4 040 |9 5480 | |
| 702 | 1 | |a Бернардский |b Е. Е. |c российский ксилограф |c рисовальщик |f 1819-1889 |g Евстафий Ефимович |2 stltpush |3 (RuTPU)RU\TPU\pers\26282 |4 040 |9 12055 | |
| 702 | 1 | |a Степанов |b Н. А. |c художник-карикатурист |f 1807-1877 |g Николай Александрович |2 stltpush |3 (RuTPU)RU\TPU\pers\26309 |9 12071 | |
| 702 | 1 | |a Невахович |b М. Л. |c художник-карикатурист |f 1817-1849 |g Михаил Львович |2 stltpush |3 (RuTPU)RU\TPU\pers\26310 |9 12072 | |
| 801 | 1 | |a RU |b 63413507 |c 20100528 | |
| 801 | 2 | |a RU |b 63413507 |c 20100601 |g RCR | |
| 942 | |c BK | ||